000 00322nam a2200121Ia 4500
008 240624s9999 xx 000 0 und d
041 _aeng
082 _a174.4 WEI
100 _aWEISS JOSEPH W
245 _aBUSINESS ETHICS CONCEPTS AND CASES
260 _c2009
_aNew Delhi
_bCengage Learning
300 _a380 : p. : cm. ; 24
999 _c15291
_d15291